000 00989nas a2200313 4500
001 BR0305012
003 BR-BrBNA
005 20231205104112.0
007 ta
008 230509b bl.|||p| |||| 00| 00por d
040 _aBR-BrBNA
_bpor
_cBiblioteca Nacional de Agricultura
041 _a(Pt)
072 _aF01; F30
100 1 _aPenariol, F.G.
100 1 _aFornasieri Filho, D.
100 1 _aCoicev, L.
100 1 _aBordin, L.
100 1 _aFarinelli, R.
245 1 _aComportamento de cultivares de milho semeadas em diferentes espaçamentos entre linhas e densidades populacionais, na safrinha
650 _aMILHO
650 _aSEMENTE
650 _aSEMEADURA
650 _aCOMPORTAMENTO DE VARIEDADE
650 _aCARACTERÍSTICAS AGRONÔMICAS
650 _aESPAÇAMENTO
773 0 _tRevista Brasileira de Milho e Sorgo (Brazil)
_xISSN 1676-689X
_g(May-Aug 2003), v. 2(2) p. 52-60
_wBR0305012
909 _a202311
_bLúcia
_c55
_dLúcia Elande
942 _2AGRIS
_n0
_cANA
999 _c176364
_d176364